000 01060nam a22002777a 4500
999 _c12672
_d12672
003 AR-CdUCM
008 190409b ||||| |||| 00| 0 spa d
040 _aMUNICIPALIDAD PROVINCIAL DEL CUSCO
_cBIBLIOTECA MUNICIPAL DEL CUSCO
082 _a082 /
_bD15
100 _aD´annunzio, Gabriel
_930647
245 _aObras Inmortales :
_bEl fuego, El Inocente, El placer
260 _aBuenos Aires :
_bE.D.A.F.
_c1961.
300 _a1297 paginas ;
_c17 cm.
_bIlustraciones,
440 _aColección Obras Inmortales
_930580
505 _aContenido : El fuego -- El inocente -- El placer -- El triunfo de la muerte -- Las vírgenes de las rocas.
650 _aCuentos
_9312
650 _aBiografías
_9148
650 _aNarraciones
_9930
700 _aOrts Ramos, Tomás (Traductor)
_930648
700 _aRiera, Augusto (Traductor)
_930649
700 _aDiaz Calleja, Lorenzo (Traductor)
_930650
700 _aPiqueras, Jose Luis (Traductor)
_930651
700 _aÁlvarez Peña, Carlos (Traductor)
_930652
942 _2ddc
_cLIBROS
945 _awnts
_d2019-04-09